| 000 | 00931 a2200313 4500 | ||
|---|---|---|---|
| 999 |
_c63156 _d16128 |
||
| 001 | 63156 | ||
| 003 | TR-AnTOB | ||
| 005 | 20210714113925.0 | ||
| 008 | 110119s2005 tu 000 0 | ||
| 020 | _a975338744X | ||
| 040 |
_aTR-AnTOB _cTR-AnTOB |
||
| 041 | _atur | ||
| 050 |
_aPL202 _b.M47 2005 |
||
| 090 | _aREF PL202 .M47 2005 | ||
| 100 |
_aMermer, Ahmet, _d1951- _934779 |
||
| 245 | 0 |
_aEski Türk edebiyatı terimleri sözlüğü / _cAhmet Mermer , Neslihan Koç Keskin. |
|
| 264 | 1 |
_aAnkara : _bAkçağ , _c2005. |
|
| 300 |
_a136 s. ; _c24 cm. |
||
| 336 |
_2rdacontent _atext _btxt |
||
| 337 |
_2rdamedia _aunmediated _bn |
||
| 338 |
_2rdacarrier _avolume _bnc |
||
| 490 | 0 |
_aAkçağ yayınları ; _v760 _aSözlük ; _v19 |
|
| 650 |
_aTürk edebiyatı _xTarih ve eleştiri _vSözlükler _934664 |
||
| 650 | 0 |
_aTurkish literature _vDictionaries _916961 |
|
| 901 | _a0020314 | ||
| 902 | _abs | ||
| 942 |
_cREF _2lcc |
||